000 00546nam a2200181Ia 4500
008 100920s9999 xx 000 0 und d
082 _b106672
_a891.43 न 09
100 _aसोनकर रुपनारायण.
245 _aनागफनी.
260 _bकल्याणी प्रकाशन , दिल्ली.
_c2009
300 _a144
_bसाधी
365 _b150
520 _aहिंदी.
630 _aनागफनी.
650 _aहिंदी.
730 _aनागफनी.
942 _cBOOK
999 _c747097
_d747094